000 00209nam a2200097Ia 4500
005 20251222114339.0
008 251222s1900||||xx |||||||||||||| ||spa||
082 _aDVD0070/C83/2002
245 0 _aAmén:
942 _cDVD
999 _c781
_d781